01098 a2200169 45000010006000000050017000060080041000230030015000640400040000790800022001192450038001412500011001792640029001903000019002195050671002381000019009092766720260407155551.0260407a1953 arg spa dAR-UNSa-BCEJYS aAR-UNSa-BCEJYSbspacAR-UNSa-BCEJYS a657xContabilidad10aLa contabilidad en hojas movibles a2a. ed 1aBarcelona :bLaborc1953 a186 p.c20 cm. aPARTE I: Generalidades: 1.De los diferentes sistemas de teneduría de libros - 2. Algunos puntos de historia - PARTE II: El mayor: 1. De la misión de las hojas movibles - 2. Estudio del material en uso - 3. Ventajas del mayor de hojas movibles - 4. Inconvenientes del mayor de hojas movibles - 5. Precauciones que se han de observar - PARTE III: El diario y los libros auxiliares: 1. Consideraciones generales - 2. El libro de ventas - 3. El libro de inventarios - PARTE IV: Otras aplicaciones de hojas movibles : 5. Los mayores en tarjetas - 6. La contabilidad por decalco - 7. Prescripciones legasles relativas a los libros de comercio - Apendice del traductor.1 aBatardon, Leon